<?xml version="1.0" encoding="UTF-8"?>
<record
    xmlns:xsi="http://www.w3.org/2001/XMLSchema-instance"
    xsi:schemaLocation="http://www.loc.gov/MARC21/slim http://www.loc.gov/standards/marcxml/schema/MARC21slim.xsd"
    xmlns="http://www.loc.gov/MARC21/slim">

  <leader>02048nam a2200241Ia 4500</leader>
  <controlfield tag="001">b4122-26791 [3803]</controlfield>
  <controlfield tag="003">IT-MiCISF</controlfield>
  <controlfield tag="005">20240515153525.0</controlfield>
  <controlfield tag="008">161014s9999||||xx |||||||||||||| ||und||</controlfield>
  <datafield tag="040" ind1=" " ind2=" ">
    <subfield code="a">IT-MiCISF</subfield>
    <subfield code="c">IT-MiCISF</subfield>
  </datafield>
  <datafield tag="041" ind1=" " ind2=" ">
    <subfield code="a">it</subfield>
  </datafield>
  <datafield tag="100" ind1=" " ind2=" ">
    <subfield code="a">Bonetti Renzo (a cura di)</subfield>
    <subfield code="9">60712</subfield>
  </datafield>
  <datafield tag="245" ind1=" " ind2="0">
    <subfield code="a">Verginit&#xE0; e matrimonio. Due parabole dell'unico amore.</subfield>
    <subfield code="b">Atti del seminario di studio, Loreto, 4-7 settembre 1997</subfield>
    <subfield code="c">Seminario organizzato da: CEI-Ufficio nazionale per la pastorale della famiglia e Usmi-Unione superiore maggiori d'Italia.</subfield>
  </datafield>
  <datafield tag="260" ind1=" " ind2=" ">
    <subfield code="a"> Milano,</subfield>
    <subfield code="b">Ancora,</subfield>
    <subfield code="c">1998</subfield>
  </datafield>
  <datafield tag="300" ind1=" " ind2=" ">
    <subfield code="a">pp. 363</subfield>
  </datafield>
  <datafield tag="500" ind1=" " ind2=" ">
    <subfield code="a"> matrimonio-sacramento, verginit&#xE0;, vocazione, teologia, bibbia, evangelizzazione, operatori-pastorali, formazione, magistero, pastorale-familiare, spiritualit&#xE0;-coniugale, religioni-non-cattoliche</subfield>
  </datafield>
  <datafield tag="520" ind1=" " ind2=" ">
    <subfield code="a">Verginit&#xE0; e Matrimonio. Una lunga e radicata tradizione ha considerato queste due vocazioni ecclesiali come fossero separate, se non contrapposte. Per superare questa visione dualistica, l&#x2019;Ufficio Nazionale per la Pastorale della Famiglia della CEI e l&#x2019;Unione Superiore maggiori hanno organizzato a Loreto (4-7 settembre 1997) un seminario di studio sul tema: Verginit&#xE0; e Matrimonio, due parabole dell&#x2019;Unico Amore. Le parole di Giovanni Paolo II &#xAB;Il Matrimonio e la Verginit&#xE0; sono due modi di esprimere e di vivere l&#x2019;unico Mistero dell&#x2019;Alleanza di Dio con il suo popolo&#xBB; (Familiaris consortio, n. 16) hanno fatto da leit-motiv alle intense giornate del convegno. Le relazioni che pubblichiamo, ricche e stimolanti, risentono della bellezza e della fatica dei primi passi in un campo affascinante e complesso.</subfield>
  </datafield>
  <datafield tag="650" ind1=" " ind2=" ">
    <subfield code="a">matrimonio</subfield>
  </datafield>
  <datafield tag="654" ind1=" " ind2=" ">
    <subfield code="a">saggio</subfield>
  </datafield>
  <datafield tag="700" ind1=" " ind2=" ">
    <subfield code="a"> Anfossi G., Auletta A., Barbiero F., Bartolini E., Bettinelli C., Bonetti R., Danese A.</subfield>
    <subfield code="a"> De Paoli L., Del Core P., Di Nicola G.P., Gargano I., Giuliodori C., Marcheselli G., </subfield>
    <subfield code="a">,Mui&#xE0; M., Neglia A., Rocchetta C., Valdman T., Vanzan P., Vasciaveo C., Venturi M. </subfield>
    <subfield code="9">60713</subfield>
  </datafield>
  <datafield tag="942" ind1=" " ind2=" ">
    <subfield code="c">BK</subfield>
    <subfield code="2">ddc</subfield>
  </datafield>
  <datafield tag="999" ind1=" " ind2=" ">
    <subfield code="c">213177</subfield>
    <subfield code="d">213177</subfield>
  </datafield>
  <datafield tag="999" ind1=" " ind2=" ">
    <subfield code="b">si</subfield>
  </datafield>
  <datafield tag="952" ind1=" " ind2=" ">
    <subfield code="0">0</subfield>
    <subfield code="1">0</subfield>
    <subfield code="4">0</subfield>
    <subfield code="6">B_412226791_3803</subfield>
    <subfield code="7">1</subfield>
    <subfield code="a">CISF</subfield>
    <subfield code="b">CISF</subfield>
    <subfield code="d">2016-10-14</subfield>
    <subfield code="l">0</subfield>
    <subfield code="o">b4122-26791 [3803]</subfield>
    <subfield code="r">2016-10-14 00:00:00</subfield>
    <subfield code="w">2016-10-14</subfield>
    <subfield code="y">BK</subfield>
    <subfield code="z">Data import 15.10.2016 / by Epidotti, Vaglietti</subfield>
  </datafield>
</record>
